Jak dobrze znasz piosenkę "Szparka sekretarka" Maryli Rodowicz? - Statystyki

Ogólne statystyki
  • Ten quiz został rozwiązany 34 razy
  • Średni wynik to 18 z 27
Statystyki odpowiedzi
Tekst Brakujące słowo % Poprawnych
Gdy twoje żony piłują ... szpony
97%
Gdy twoje ... gryzą pazury córy
94%
Ja jestem szparka ja ... sekretarka
94%
To ja to ja to ... ja
91%
Twoi rodzice trwonią ... krwawicę
91%
Beze ... byłbyś zbytkiem łaski mnie
91%
Oraczem ... i lemieszem mhmm jestem
84%
Niepewnym jak ... piaski ruchome
84%
Twoi ... synowie
84%
Przyłbica twoja i ... ostoja
81%
Gdy ci się nadto w ... kręci głowie
78%
Chudym jak klatka na ... bociany
75%
Ja jestem twoją ... mleczną krową
75%
Ja jestem władzą ... ostateczną
72%
Z drogi usuwam ci ... kamienie
69%
Stroszą na głowie ... sitowie swoje
69%
Bo tu już nie ma ... dyrektora
63%
To ja zatwierdzam twoje ... premie
63%
Dajcie mi gun'a ... nagana będzie
53%
Ja trzynastkami ... kieszeń łatam
53%
Albo moralnie stoisz ... marnie
44%
Duchowo całkiem ... niezebranym
38%
Kto im wygarnie ... dyscyplinarnie
34%
... jestem w każdych sporach Temidą
34%
Ja jestem ... ja jestem zwarta czujna
31%
Choć zalatana ... nieubłagana
28%
... sen gipsowi Święci Spędzają
25%
Nie znaleziono quizów pasujących do podanych kryteriów
Rozkład punktacji
Procent ludzi z każdym wynikiem
Percentyl według liczby udzielonych odpowiedzi
Twoja historia wyników
Nie rozwiązałeś tego quizu